[Event "Iasi op"]
[Site "Iasi"]
[Date "2014.05.10"]
[Round "1"]
[White "Voiteanu, Christian Gabriel"]
[Black "Rusu, Vasile"]
[Result "1-0"]
[WhiteElo "2272"]
[BlackElo "1729"]
[PlyCount "54"]
[EventDate "2014.05.10"]
[EventType "swiss"]
[EventRounds "9"]
[EventCountry "ROU"]
[SourceTitle "CBM 160 Extra"]
[Source "ChessBase"]
[SourceDate "2014.07.01"]
[SourceVersion "1"]
[SourceVersionDate "2014.07.01"]
[SourceQuality "1"]

1. d4 d5 2. c4 c6 3. Nf3 Nf6 4. e3 g6 5. Nbd2 Bg7 6. Bd3 Qa5 7. 0-0 0-0 8. b3 Nbd7 9. b4 Qc7 10. Bb2 Nb6 11. Rc1 Qb8 12. Re1 Be6 13. c5 Nc8 14. b5 Bd7 15. Ne5 Be8 16. bxc6 Bxc6 17. Bc3 Qc7 18. Nxc6 Qxc6 19. Rb1 Ne4 20. Nxe4 dxe4 21. Bc4 b6 22. Qb3 e6 23. d5 Qxc5 24. Bb4 Qc7 25. Bxf8 Kxf8 26. dxe6 fxe6 27. Bxe6 Be5 1-0

[Event "ROM-ch"]
[Site "Sarata Monteoru"]
[Date "2012.02.18"]
[Round "8"]
[White "Zlatea, Cezar Stelian"]
[Black "Rusu, Vasile"]
[Result "0-1"]
[WhiteElo "1679"]
[BlackElo "1760"]
[PlyCount "100"]
[EventDate "2012.02.13"]
[EventType "swiss"]
[EventRounds "11"]
[EventCountry "ROU"]
[SourceTitle "CBM 147 Extra"]
[Source "ChessBase"]
[SourceDate "2012.04.24"]
[SourceVersion "1"]
[SourceVersionDate "2012.04.24"]
[SourceQuality "1"]

1. e4 e5 2. Nf3 Nf6 3. Nxe5 d6 4. Nf3 Nxe4 5. Nc3 Nxc3 6. dxc3 Be7 7. Be3 Nc6 8. Qd2 0-0 9. 0-0-0 Be6 10. Kb1 Na5 11. Bd3 Nc4 12. Qe2 Nxe3 13. Qxe3 c6 14. Qe4 g6 15. h4 d5 16. Qe3 Qb6 17. Qd2 Bg4 18. h5 Bf6 19. hxg6 fxg6 20. Ka1 Bg7 21. Rhg1 Rae8 22. Qg5 Bf5 23. Qf4 h6 24. Bxf5 Rxf5 25. Qg3 g5 26. Rge1 Qd8 27. Qg4 Qd7 28. Qa4 Qd8 29. Qg4 Qd7 30. Qa4 a6 31. Qb4 Rf7 32. Qc5 Bf6 33. Qb6 Rfe7 34. Re3 Rxe3 35. Qxe3 Qe7 36. Qxe7 Bxe7 37. g4 Kf7 38. Kb1 Bc5 39. Ne5+ Ke6 40. Nd3 Bd6 41. Kc1 c5 42. Kd2 c4 43. Ne1 Ke5 44. Ng2 Ke4 45. Ke2 b5 46. f3+ Ke5 47. Ne3 a5 48. Nf5 Bf8 49. Nd4 b4 50. Nc6+ Kf4+ 0-1

[Event "ROM-ch op"]
[Site "Sarata Monteoru"]
[Date "2011.02.13"]
[Round "2"]
[White "Gheorghiu, Calin"]
[Black "Rusu, Vasile"]
[Result "1-0"]
[WhiteElo "1949"]
[BlackElo "1810"]
[PlyCount "43"]
[EventDate "2011.02.12"]
[EventType "swiss"]
[EventRounds "11"]
[EventCountry "ROU"]
[SourceTitle "EXT 2013"]
[Source "ChessBase"]
[SourceDate "2012.11.22"]
[SourceVersion "1"]
[SourceVersionDate "2012.11.22"]
[SourceQuality "1"]

1. e4 c5 2. Nc3 d6 3. f4 g6 4. Nf3 Bg7 5. Bb5+ Bd7 6. a4 e6 7. 0-0 Bc6 8. Qe1 Ne7 9. d3 Nd7 10. Bxc6 bxc6 11. Bd2 h6 12. Nd1 d5 13. Bc3 Kf8 14. Nh4 Kg8 15. Qg3 Bxc3 16. bxc3 Qc7 17. Ne3 Kh7 18. Ng4 Rhg8 19. Nf3 f6 20. Qh4 Qxf4 21. Nfe5 Qxg4 22. Nxg4 1-0